| 000 | 01962 a2200193 4500 | ||
|---|---|---|---|
| 001 | 53134 | ||
| 005 | 20260407155805.0 | ||
| 008 | 260407a1963 arg spa d | ||
| 003 | AR-UNSa-BCEJYS | ||
| 040 |
_aAR-UNSa-BCEJYS _bspa _cAR-UNSa-BCEJYS |
||
| 080 |
_a331 _xTrabajo. Empleo. Organización del trabajo |
||
| 245 | 1 | 0 | _aLa ciencia del trabajo |
| 264 | 1 |
_aMadrid : _bEdiciones Rialp _c1963 |
|
| 300 |
_a520 p. _c24 cm. |
||
| 505 | _aParte I. El estudio del trabajo: 1. Sistemática de la ciencia del trabajo - 2. La historia de la ciencia del trabajo - 3. Metodología de la ciencia ergológica - 4. La bibliografía de la ciencia del trabajo – Parte II. Condiciones y presupuestos del rendimiento del trabajo: - 5. Condiciones geográficas y climáticas del trabajo - 6. Presupuestos humanos (Etnográficos y antropológicos) del rendimiento del trabajo - 7. Supuestos jurídicos, éticos e históricos del rendimiento - 8. Condiciones técnicas, económicas y sociales del trabajo – Parte III. La biología del trabajo: - 9. La fisiología del trabajo - 10. La higiene del trabajo - 11. La psicología del trabajo - 12. La pedagogía del trabajo – Parte IV. La técnica del trabajo: - 13. Los medios de trabajo - 14. El procedimiento del trabajo - 15. El recorrido y los movimientos del trabajo - 16. El tiempo del trabajo y su determinación –Parte V. la organización del trabajo: 17. Contenidos y principios de la dirección del trabajo - 18. La estructuración de la empresa - 19. El planeamiento del trabajo - 20. Control y cómputo del trabajo – Parte VI. La valorización del trabajo: 21. El producto del trabajo -22. La retribución del trabajo - 23. La valoración del trabajo - 24. Efectos del trabajo – Parte VII. Problemas del trabajo: 25. Obstáculos de la configuración del trabajo - 26. Problemas actuales de la ciencia del trabajo | ||
| 942 | _cBK | ||
| 590 | _aniveau_biblio:m niveau_hierar:0 | ||
| 100 | 1 | _aHilf, Hubert Hugo | |
| 999 |
_c5113 _d5113 |
||